Loading...
| Literature - European | 0 | 7 | 0 | 0 | 70 | 38 | 64.71 | 4 | 7 | 0.00 | 0.00 |
| History - World | 0 | 6 | 0 | 0 | 60 | 16 | 50.50 | 2 | 5 | 0.00 | 0.00 |
| History - Other | 0 | 5 | 0 | 0 | 50 | 14 | 49.20 | 5 | 5 | 0.00 | 0.00 |
| Philosophy | 0 | 5 | 0 | 0 | 50 | 28 | 46.40 | 2 | 5 | 0.00 | 0.00 |
| History - American | 0 | 5 | 0 | 1 | 50 | 36 | 66.80 | 2 | 5 | 0.00 | 0.00 |
| Literature - World | 0 | 5 | 1 | 0 | 45 | 78 | 101.40 | 0 | 4 | 0.00 | 0.00 |
| Literature - American | 0 | 4 | 0 | 1 | 40 | 82 | 102.00 | 0 | 2 | 0.00 | 0.00 |
| History - European | 0 | 5 | 3 | 0 | 35 | 13 | 40.40 | 3 | 5 | 0.00 | 0.00 |
| Literature - British | 0 | 4 | 1 | 0 | 35 | 17 | 55.25 | 3 | 4 | 0.00 | 0.00 |
| Science - Chemistry | 0 | 3 | 0 | 1 | 30 | 69 | 96.67 | 1 | 1 | 0.00 | 0.00 |
| Social Science | 0 | 2 | 0 | 0 | 20 | 60 | 64.00 | 2 | 2 | 0.00 | 0.00 |
| Fine Arts - Classical Music | 0 | 2 | 0 | 1 | 20 | 84 | 99.50 | 1 | 2 | 0.00 | 0.00 |
| Fine Arts - Other | 0 | 2 | 0 | 0 | 20 | 40 | 58.00 | 1 | 2 | 0.00 | 0.00 |
| Religion | 0 | 2 | 1 | 0 | 15 | 60 | 70.50 | 0 | 2 | 0.00 | 0.00 |
| Fine Arts - Painting and Sculpture | 0 | 2 | 2 | 1 | 10 | 113 | 118.00 | 0 | 1 | 0.00 | 0.00 |
| Science - Other | 0 | 1 | 0 | 0 | 10 | 68 | 68.00 | 1 | 1 | 0.00 | 0.00 |
| Geography | 0 | 1 | 0 | 0 | 10 | 67 | 67.00 | 0 | 1 | 0.00 | 0.00 |
| Mythology | 0 | 1 | 2 | 0 | 0 | 68 | 68.00 | 0 | 1 | 0.00 | 0.00 |
| Popular Culture | 0 | 1 | 2 | 0 | 0 | 80 | 80.00 | 0 | 1 | 0.00 | 0.00 |
| Current Events | 0 | 0 | 1 | 0 | -5 | 0.00 | 0 | 0 | 0.00 | 0.00 | |
| Science - Physics | 0 | 1 | 4 | 0 | -10 | 93 | 93.00 | 0 | 1 | 0.00 | 0.00 |